|
|
|
|
| LEADER |
02281nam a22003853i 4500 |
| 001 |
EBC4895157 |
| 003 |
MiAaPQ |
| 005 |
20240729202202.0 |
| 006 |
m o d | |
| 007 |
cr cnu|||||||| |
| 008 |
240729s2017 xx o ||||0 eng d |
| 020 |
|
|
|a 9789176855003
|q (electronic bk.)
|
| 035 |
|
|
|a (MiAaPQ)EBC4895157
|
| 035 |
|
|
|a (Au-PeEL)EBL4895157
|
| 035 |
|
|
|a (CaPaEBR)ebr11405619
|
| 035 |
|
|
|a (OCoLC)993061639
|
| 040 |
|
|
|a MiAaPQ
|b eng
|e rda
|e pn
|c MiAaPQ
|d MiAaPQ
|
| 100 |
1 |
|
|a Gustafsson, Mariana S.
|
| 245 |
1 |
0 |
|a Reassembling Local E-Government :
|b A Study of Actors' Translations of Digitalisation in Public Administration.
|
| 250 |
|
|
|a 1st ed.
|
| 264 |
|
1 |
|a Linköping :
|b Linkopings Universitet,
|c 2017.
|
| 264 |
|
4 |
|c {copy}2017.
|
| 300 |
|
|
|a 1 online resource (137 pages)
|
| 336 |
|
|
|a text
|b txt
|2 rdacontent
|
| 337 |
|
|
|a computer
|b c
|2 rdamedia
|
| 338 |
|
|
|a online resource
|b cr
|2 rdacarrier
|
| 490 |
1 |
|
|a Linköping Studies in Arts and Sciences Series ;
|v v.718
|
| 505 |
0 |
|
|a Intro -- ACKNOWLEDGEMENTS -- CONTENTS -- ABSTRACT -- LIST OF PAPERS -- ABBREVIATIONS -- I. ADVANCED DIGITALISATION IN LOCAL GOVERNMENT: POLICY EXPECTATIONS VERSUSIMPLEMENTATION CHALLENGES -- II. DIGITALISATION IN PUBLIC ADMINISTRATION: A LITERATURE REVIEW -- III. TRANSLATION IN GOVERNANCE NETWORKS: A FRAMEWORK FOR STUDYING TENSIONS -- IV. THE SWEDISH CASE -- V. METHODOLOGY AND MATERIAL -- VI. SUMMARIES OF THE PAPERS -- VII. FOUR FIELDS OF TENSION IN PRACTICE: TRANSLATION AND GOVERNANCE NETWORK ANALYSES -- VIII. REASSEMBLING LOCAL E-GOVERNMENT? CONCLUSIONS AND DISCUSSION -- REFERENCES -- APPENDIX A: SCHOOL STUDY -- APPENDIX B: RDA STUDY.
|
| 588 |
|
|
|a Description based on publisher supplied metadata and other sources.
|
| 590 |
|
|
|a Electronic reproduction. Ann Arbor, Michigan : ProQuest Ebook Central, 2024. Available via World Wide Web. Access may be limited to ProQuest Ebook Central affiliated libraries.
|
| 655 |
|
4 |
|a Electronic books.
|
| 776 |
0 |
8 |
|i Print version:
|a Gustafsson, Mariana S.
|t Reassembling Local E-Government
|d Linköping : Linkopings Universitet,c2017
|
| 797 |
2 |
|
|a ProQuest (Firm)
|
| 830 |
|
0 |
|a Linköping Studies in Arts and Sciences Series
|
| 856 |
4 |
0 |
|u https://ebookcentral.proquest.com/lib/matrademy/detail.action?docID=4895157
|z Click to View
|